[Event "68th ch-RUS HL w 2018"]
[Site "Yaroslavl RUS"]
[Date "2018.06.26"]
[Round "1.1"]
[White "Sukhareva, Evgeniya"]
[Black "Bodnaruk, Anastasia"]
[Result "0-1"]
[BlackTitle "IM"]
[WhiteElo "2234"]
[BlackElo "2451"]
[WhiteFideId "4167155"]
[BlackFideId "4181751"]
[EventDate "2018.06.26"]

1. d4 Nf6 2. Bg5 d5 3. Nf3 Nbd7 4. e3 g6 5. c4 c6 6. Nc3 Bg7 7. Be2 O-O 8. O-O
dxc4 9. Bxc4 Qa5 10. a3 e5 11. dxe5 Nxe5 12. Nxe5 Qxe5 13. Bf4 Qf5 14. h3 Ne4
15. Nxe4 Qxe4 16. Qe2 Be6 17. Bxe6 fxe6 18. Bg3 Rad8 19. Rad1 Qa4 20. Rd2 Rd5
21. Rxd5 exd5 22. Rc1 Qb3 23. Rc2 Re8 24. Qd2 Re4 25. Kh2 h5 26. Bd6 d4 27. Bf4
Kh7 28. Rc5 d3 29. f3 Rc4 30. Rg5 Qc2 31. Qa5 Rxf4 32. exf4 d2 33. f5 d1=Q 34.
Qc7 Qxf5 0-1

[Event "68th ch-RUS HL w 2018"]
[Site "Yaroslavl RUS"]
[Date "2018.06.26"]
[Round "1.2"]
[White "Galliamova, Alisa"]
[Black "Balaian, Alina"]
[Result "1-0"]
[WhiteTitle "IM"]
[BlackTitle "WIM"]
[WhiteElo "2422"]
[BlackElo "2221"]
[WhiteFideId "4129725"]
[BlackFideId "24115347"]
[EventDate "2018.06.26"]

1. d4 Nf6 2. Nf3 g6 3. g3 Bg7 4. Bg2 d5 5. O-O O-O 6. c4 dxc4 7. Na3 c3 8. bxc3
c5 9. Re1 Ne4 10. Bb2 Nc6 11. Qc2 cxd4 12. Nxd4 Nc5 13. Red1 Qb6 14. Rab1 e5 15.
Bc1 Qc7 16. Nab5 Qa5 17. Nxc6 bxc6 18. Nd6 Be6 19. c4 Rad8 20. Be3 Na6 21. Rd2
Rb8 22. Rbd1 c5 23. h4 Nb4 24. Qc1 f5 25. a3 Na6 26. Bg5 Qc7 27. Nb5 Qf7 28. Nd6
Qc7 29. Nb5 Qf7 30. Bd5 f4 31. Nd6 Qd7 32. Ne4 Bxd5 33. Rxd5 Qf5 34. f3 fxg3 35.
Kg2 Nc7 36. Nxg3 Qe6 37. Qe3 Nxd5 38. cxd5 Qd7 39. Ne4 Qa4 40. Rc1 Rb3 41. Qxc5
Rb2 42. Bd2 Qa6 43. Qc4 Qxa3 44. d6+ Kh8 45. Qd5 Qa6 46. Kf2 Qb7 47. Qxb7 Rxb7
48. Rc6 h6 49. Ba5 Kg8 50. Bc7 Rb4 51. Ke3 Rd4 52. Nc5 Rd1 53. Ne6 Re8 54. Nxg7
Kxg7 55. Ra6 Kf7 56. Ba5 Ra8 57. Bb4 Ke6 58. Ba3 Ra1 59. Ke4 Rh1 60. d7+ Kxd7
61. Rxg6 Rxh4+ 62. Kd5 Rd4+ 63. Kxe5 Ra4 64. Rg7+ Kc6 65. Be7 Ra5+ 66. Ke6 Rh8
67. e4 h5 68. Bh4 Rh6+ 69. Kf7 Rb5 70. Rg2 Rb7+ 71. Kg8 Re6 72. Rc2+ Kd7 73.
Rd2+ Rd6 74. Rg2 Re6 75. Rd2+ Kc6 76. Rc2+ Kb5 77. Rb2+ Ka6 78. Ra2+ Kb6 79.
Rb2+ Kc7 80. Rc2+ Rc6 81. Rd2 Rb4 82. Kf7 Rb1 83. e5 Rf1 84. Rd3 Rc4 85. Bg5 h4
86. e6 Re1 87. e7 Rxe7+ 88. Kxe7 h3 89. Rd2 Rc5 90. f4 a5 91. Ke6 a4 92. f5 Rc6+
93. Ke7 Rc4 94. f6 Re4+ 95. Kf7 Rg4 96. Kg6 Rg2 97. Rd1 h2 98. Rh1 a3 99. f7 Rf2
100. Bf6 Rg2+ 101. Kh5 a2 102. f8=Q 1-0

[Event "68th ch-RUS HL w 2018"]
[Site "Yaroslavl RUS"]
[Date "2018.06.26"]
[Round "1.3"]
[White "Dimitrova, Aleksandra"]
[Black "Shuvalova, Polina"]
[Result "1-0"]
[WhiteTitle "WIM"]
[BlackTitle "WIM"]
[WhiteElo "2220"]
[BlackElo "2418"]
[WhiteFideId "24173371"]
[BlackFideId "24171760"]
[EventDate "2018.06.26"]

1. e4 c6 2. d4 d5 3. e5 Bf5 4. h4 h5 5. Bd3 Bxd3 6. Qxd3 e6 7. Bg5 Qb6 8. Nd2 c5
9. c4 Qxb2 10. Rd1 cxd4 11. cxd5 exd5 12. e6 Qb6 13. exf7+ Kxf7 14. Rb1 Qe6+ 15.
Ne2 Nd7 16. Rxb7 Be7 17. O-O Nc5 18. Qf3+ Nf6 19. Nxd4 Qa6 20. Rc7 Qd3 21. Qxd3
Nxd3 22. Nf5 Ke6 23. Nxe7 1-0

[Event "68th ch-RUS HL w 2018"]
[Site "Yaroslavl RUS"]
[Date "2018.06.26"]
[Round "1.4"]
[White "Nechaeva, Marina"]
[Black "Afonasieva, Anna"]
[Result "1-0"]
[WhiteTitle "IM"]
[BlackTitle "WFM"]
[WhiteElo "2410"]
[BlackElo "2217"]
[WhiteFideId "4149351"]
[BlackFideId "24173606"]
[EventDate "2018.06.26"]

1. d4 d5 2. c4 c6 3. e3 Nf6 4. Nf3 e6 5. Bd3 Nbd7 6. O-O dxc4 7. Bxc4 Bd6 8. Qe2
O-O 9. h3 e5 10. Nbd2 exd4 11. Nxd4 Nc5 12. a4 Qe7 13. N2f3 Nce4 14. b3 a6 15.
Bb2 Bd7 16. a5 Bb4 17. Nc2 Bc3 18. Bxc3 Nxc3 19. Qe1 Nce4 20. Qc1 c5 21. Qb2
Rfe8 22. Rfc1 Bf5 23. Nce1 Nd6 24. Bd3 Nfe4 25. Rc2 Rac8 26. Rac1 Rc6 27. Re2
Qe6 28. Kh2 Nb5 29. Nh4 Bg6 30. Nxg6 hxg6 31. Kg1 Rd8 32. Rec2 Nbd6 33. Be2 Rdc8
34. Nf3 R6c7 35. Ne5 Qf6 36. Bf3 Ng5 37. Bd5 Nge4 38. Nc4 Nxc4 39. bxc4 Qf5 40.
Qb1 Qe5 41. Qa1 Qe7 42. Rb2 Rd8 43. Qb1 Nd6 44. Qxg6 Rcd7 45. Qg3 Ne4 46. Qf4
Rxd5 47. cxd5 Rxd5 48. Qb8+ Rd8 49. Rxb7 Qf6 50. Qf4 Qxf4 51. exf4 c4 52. Rb6
Rc8 53. Rxa6 c3 54. Rb6 Nd2 55. a6 1-0

[Event "68th ch-RUS HL w 2018"]
[Site "Yaroslavl RUS"]
[Date "2018.06.26"]
[Round "1.5"]
[White "Diakonova, Ekaterina"]
[Black "Kovalevskaya, Ekaterina"]
[Result "1/2-1/2"]
[BlackTitle "IM"]
[WhiteElo "2212"]
[BlackElo "2402"]
[WhiteFideId "24172936"]
[BlackFideId "4116704"]
[EventDate "2018.06.26"]

1. e4 e5 2. Nf3 Nc6 3. Bb5 a6 4. Ba4 Nf6 5. O-O Be7 6. Re1 d6 7. c3 Bg4 8. h3
Bh5 9. Bxc6+ bxc6 10. d4 Nd7 11. Nbd2 exd4 12. cxd4 O-O 13. b3 c5 14. Bb2 cxd4
15. Bxd4 Nc5 16. Bxc5 dxc5 17. Qc2 Qc8 18. Ne5 Qe6 19. Ndc4 Rad8 20. f4 f6 21.
f5 Qc8 22. Nc6 Rde8 23. g4 Bf7 24. e5 fxe5 25. Nxe7+ Rxe7 26. Rxe5 Qd8 27. Rae1
Rxe5 28. Rxe5 Qd4+ 29. Qf2 Qd1+ 30. Re1 Qd3 31. Re3 Qd1+ 32. Re1 Qd3 33. Re3
Qd1+ 34. Re1 1/2-1/2

[Event "68th ch-RUS HL w 2018"]
[Site "Yaroslavl RUS"]
[Date "2018.06.26"]
[Round "1.6"]
[White "Voit, Daria"]
[Black "Baraeva, Marina"]
[Result "0-1"]
[WhiteTitle "FM"]
[BlackTitle "WIM"]
[WhiteElo "2380"]
[BlackElo "2210"]
[WhiteFideId "4182146"]
[BlackFideId "24142573"]
[EventDate "2018.06.26"]

1. d4 d5 2. c4 c6 3. Nf3 Nf6 4. Nc3 dxc4 5. a4 Bf5 6. Ne5 Nbd7 7. Nxc4 Qc7 8. g3
e5 9. dxe5 Nxe5 10. Bf4 Nfd7 11. Bg2 f6 12. O-O Nc5 13. Ne3 Bg6 14. b4 Ne6 15.
b5 Rd8 16. Qc1 Bc5 17. bxc6 bxc6 18. Bh3 Nd4 19. Ra2 O-O 20. Nc4 Qe7 21. Nxe5
fxe5 22. Bg5 Qf7 23. Bxd8 Rxd8 24. Bg2 Qxa2 25. Qg5 Nxe2+ 26. Nxe2 Re8 27. Bxc6
Qxe2 28. Bxe8 Bxe8 29. Qf5 Qh5 30. Qc8 Bd4 31. Kg2 Qf7 32. f3 Qa2+ 33. Kh1 Qxa4
34. Rb1 Qc6 35. Qf5 Qg6 0-1

[Event "68th ch-RUS HL w 2018"]
[Site "Yaroslavl RUS"]
[Date "2018.06.26"]
[Round "1.7"]
[White "Khokhlova, Daria"]
[Black "Kovanova, Baira"]
[Result "0-1"]
[BlackTitle "WGM"]
[WhiteElo "2198"]
[BlackElo "2369"]
[WhiteFideId "24182729"]
[BlackFideId "4164083"]
[EventDate "2018.06.26"]

1. d4 Nf6 2. c4 e6 3. Nc3 Bb4 4. e3 O-O 5. Bd3 c5 6. Nf3 b6 7. O-O Bb7 8. Na4
cxd4 9. exd4 Bd6 10. a3 h6 11. b4 Nc6 12. Bb2 Rc8 13. Nc3 Ne7 14. Ne5 Nf5 15.
Ne2 Bb8 16. Bxf5 exf5 17. Rc1 Re8 18. f3 Nh5 19. Qd2 Qh4 20. g3 Qh3 21. Nxd7 Bc7
22. Ne5 Rcd8 23. Nd3 f4 24. Nf2 Qe6 25. Rfe1 Bxf3 26. Nc3 fxg3 27. hxg3 Qg6 0-1

[Event "68th ch-RUS HL w 2018"]
[Site "Yaroslavl RUS"]
[Date "2018.06.26"]
[Round "1.8"]
[White "Vasilevich, Tatjana"]
[Black "Shafigullina, Zarina"]
[Result "1/2-1/2"]
[WhiteTitle "IM"]
[BlackTitle "WFM"]
[WhiteElo "2360"]
[BlackElo "2191"]
[WhiteFideId "14101610"]
[BlackFideId "24174220"]
[EventDate "2018.06.26"]

1. Nf3 Nf6 2. g3 b6 3. Bg2 Bb7 4. O-O e6 5. c4 c5 6. Nc3 Be7 7. d4 cxd4 8. Qxd4
O-O 9. Rd1 Nc6 10. Qf4 d6 11. b3 Qb8 12. Bb2 Ne5 13. Rd2 Ng6 14. Qe3 d5 15. cxd5
Nxd5 16. Nxd5 Bxd5 17. h4 Bc5 18. Qc3 f6 19. Nd4 Qb7 20. Bxd5 Qxd5 21. b4 Be7
22. Nc6 Qf5 23. Rd7 Rac8 24. Rxe7 Rxc6 25. Rxg7+ Kxg7 26. Qxc6 Qg4 27. Qf3 Qxf3
28. exf3 Ne7 29. Rc1 Nd5 30. b5 Kf7 31. Kf1 Ra8 32. Rc4 a6 33. Ra4 a5 34. Rc4 a4
35. Bc3 Nxc3 36. Rxc3 Ra5 37. Rc4 Rxb5 38. Rxa4 Kg6 39. Kg2 Rb2 40. g4 e5 41.
Kg3 h5 42. Ra3 Rc2 43. Rb3 Rc6 44. a3 Rd6 45. Re3 Rd4 46. Rb3 Rd6 47. a4 Rc6 48.
Rb4 Rd6 49. gxh5+ Kxh5 50. f4 exf4+ 51. Rxf4 Rc6 52. f3 Rd6 53. Rf5+ Kg6 54. Kg4
Rd4+ 55. Rf4 Rd5 56. Rb4 Rc5 57. Kg3 Rc6 58. Kg4 Rc5 59. h5+ Rxh5 60. Rxb6 Rg5+
61. Kf4 Rf5+ 62. Ke4 Re5+ 63. Kd3 Rf5 64. Ke2 Rf4 65. a5 Ra4 66. a6 Ra3 67. Kf2
Kg5 68. Kg3 f5 69. Rc6 f4+ 70. Kg2 Kf5 71. Rc5+ Kg6 72. Kh3 Rxf3+ 73. Kg4 Ra3
74. Rc6+ Kf7 75. Kxf4 Ke7 76. Ke5 Kd7 77. Rh6 Kc7 78. Kd5 Kb8 79. Kc5 Ka7 80.
Kb5 Rb3+ 81. Ka5 Rb1 82. Rh7+ Ka8 83. Rg7 1/2-1/2

[Event "68th ch-RUS HL w 2018"]
[Site "Yaroslavl RUS"]
[Date "2018.06.26"]
[Round "1.9"]
[White "Kochukova, Anna"]
[Black "Ovod, Evgenija"]
[Result "0-1"]
[WhiteTitle "WFM"]
[BlackTitle "IM"]
[WhiteElo "2170"]
[BlackElo "2360"]
[WhiteFideId "24173932"]
[BlackFideId "4131827"]
[EventDate "2018.06.26"]

1. e4 e5 2. Nf3 Qe7 3. Nc3 c6 4. a4 Nf6 5. Bc4 Nxe4 6. Nxe4 d5 7. Ng3 dxc4 8.
O-O f6 9. Re1 Be6 10. b3 cxb3 11. c3 Nd7 12. d4 O-O-O 13. a5 a6 14. Nd2 Qf7 15.
Ba3 exd4 16. cxd4 Bxa3 17. Rxa3 Rhe8 18. Re3 Qf8 19. Qa1 f5 20. Rc3 Nf6 21. Nxb3
f4 22. Nf1 Ne4 23. Rc1 f3 24. Ng3 Bd5 25. Nxe4 Rxe4 26. Nd2 Rg4 27. g3 Qf6 28.
Qc3 Rxd4 29. Nf1 Be4 30. Rb3 Qe6 31. Ne3 Rd3 0-1

[Event "68th ch-RUS HL w 2018"]
[Site "Yaroslavl RUS"]
[Date "2018.06.26"]
[Round "1.10"]
[White "Gritsayeva, Oksana"]
[Black "Getman, Tatyana"]
[Result "1-0"]
[WhiteTitle "WFM"]
[BlackTitle "WFM"]
[WhiteElo "2355"]
[BlackElo "2146"]
[WhiteFideId "14104652"]
[BlackFideId "34166146"]
[EventDate "2018.06.26"]

1. e4 c5 2. Nc3 d6 3. Bb5+ Bd7 4. a4 g6 5. d4 Nc6 6. d5 Nb8 7. Nf3 Bg7 8. O-O
Nh6 9. h3 O-O 10. Bf4 f6 11. Qe2 Nf7 12. Nd2 Bc8 13. Bh2 e6 14. dxe6 Bxe6 15.
Bc4 Qd7 16. Bxe6 Qxe6 17. Nd5 Qd7 18. Qb5 Nc6 19. c3 Rfe8 20. Rfe1 Rad8 21. Nc4
Ne7 22. Qxd7 Rxd7 23. Rad1 Nxd5 24. exd5 Rxe1+ 25. Rxe1 Ne5 26. Na5 Bf8 27. f4
Nd3 28. Re2 Re7 29. Rxe7 Bxe7 30. Nc4 b6 31. Kf1 Nc1 32. f5 Nd3 33. Ke2 Ne5 34.
Bxe5 fxe5 35. f6 Bf8 36. g4 g5 37. Nd2 Kf7 38. Ne4 Kg6 39. a5 b5 40. a6 h6 41.
c4 b4 42. Kd3 Kf7 43. Kc2 Ke8 44. Ng3 Kf7 45. Nh5 Ke8 46. Kd3 Kf7 47. Ke3 Kg6
48. Ke4 Kf7 49. Kf5 b3 50. Ng3 h5 51. Kxg5 hxg4 52. hxg4 Kg8 53. Kg6 1-0

[Event "68th ch-RUS HL w 2018"]
[Site "Yaroslavl RUS"]
[Date "2018.06.26"]
[Round "1.11"]
[White "Vinokur, Yuliya"]
[Black "Charochkina, Daria"]
[Result "1-0"]
[WhiteTitle "WFM"]
[BlackTitle "IM"]
[WhiteElo "2131"]
[BlackElo "2343"]
[WhiteFideId "34127515"]
[BlackFideId "4180917"]
[EventDate "2018.06.26"]

1. Nf3 Nf6 2. c4 e6 3. g3 d5 4. Bg2 c6 5. O-O dxc4 6. a4 Nd5 7. Ne5 b5 8. axb5
cxb5 9. Nc3 f6 10. e4 Ne7 11. Qh5+ g6 12. Nxg6 Nxg6 13. e5 Nd7 14. Bxa8 Nxe5 15.
Rxa7 Bd7 16. Be4 Qb6 17. Ra8+ Kf7 18. d4 cxd3 19. Be3 Qd6 20. Rd1 f5 21. f4 Nc4
22. Rxd3 Qe7 23. Ra7 Nd6 24. Bc5 Qd8 25. Bc6 Nb7 26. Rxb7 Bxc5+ 27. Kg2 1-0

[Event "68th ch-RUS HL w 2018"]
[Site "Yaroslavl RUS"]
[Date "2018.06.26"]
[Round "1.12"]
[White "Savina, Anastasia"]
[Black "Garifullina, Leya"]
[Result "1-0"]
[WhiteTitle "IM"]
[BlackTitle "WCM"]
[WhiteElo "2343"]
[BlackElo "2131"]
[WhiteFideId "4196872"]
[BlackFideId "34127035"]
[EventDate "2018.06.26"]

1. d4 Nf6 2. c4 e6 3. Nf3 b6 4. g3 Ba6 5. Nbd2 c5 6. e4 cxd4 7. e5 Ng4 8. h3 Nh6
9. Bg2 Bb7 10. O-O Bc5 11. Nb3 Nf5 12. g4 Ne7 13. Nbxd4 O-O 14. Nb5 Bxf3 15.
Qxf3 Nbc6 16. Bg5 a6 17. Nd6 f6 18. exf6 Bxd6 19. fxe7 Bxe7 20. Bxe7 Qxe7 21.
Qe3 Rab8 22. Rad1 Na5 23. b3 Rfd8 24. Rd2 b5 25. c5 b4 26. Rfd1 Rbc8 27. Rd6 Rc7
28. Rxa6 Qxc5 29. Qxc5 Rxc5 30. Rxe6 Rc2 31. Re7 d6 32. Ra7 Rxa2 33. Bd5+ Kh8
34. Re1 h6 35. Ree7 Ra1+ 36. Kg2 Nxb3 37. Bxb3 Rxa7 38. Rxa7 Rb8 39. Ra6 d5 40.
Bxd5 b3 41. Ra8 1-0

[Event "68th ch-RUS HL w 2018"]
[Site "Yaroslavl RUS"]
[Date "2018.06.26"]
[Round "1.13"]
[White "Lingur, Zalina"]
[Black "Tomilova, Elena"]
[Result "0-1"]
[WhiteTitle "WFM"]
[BlackTitle "WIM"]
[WhiteElo "2101"]
[BlackElo "2334"]
[WhiteFideId "34165670"]
[BlackFideId "4162340"]
[EventDate "2018.06.26"]

1. e4 c6 2. d4 d5 3. Nd2 dxe4 4. Nxe4 Bf5 5. Ng3 Bg6 6. Nh3 Nf6 7. c3 Nbd7 8.
Nf4 Qc7 9. h4 O-O-O 10. Qa4 e5 11. Nxg6 hxg6 12. d5 cxd5 13. Qxa7 Bc5 14. Qa8+
Nb8 15. Bd2 Ng4 16. Qa4 Nxf2 17. Bb5 e4 18. Ne2 Nxh1 19. Bf4 Bd6 0-1

[Event "68th ch-RUS HL w 2018"]
[Site "Yaroslavl RUS"]
[Date "2018.06.26"]
[Round "1.14"]
[White "Belenkaya, Dina"]
[Black "Loskutova, Viktoriya"]
[Result "1-0"]
[WhiteTitle "WGM"]
[WhiteElo "2308"]
[BlackElo "2096"]
[WhiteFideId "24142654"]
[BlackFideId "34166278"]
[EventDate "2018.06.26"]

1. e4 c5 2. Nf3 g6 3. d4 cxd4 4. Nxd4 Bg7 5. Nc3 Nc6 6. Nde2 Nf6 7. g3 O-O 8.
Bg2 d6 9. O-O Bd7 10. h3 Rc8 11. Be3 Ne5 12. b3 b6 13. Rc1 Bc6 14. Nd5 Ned7 15.
Nd4 Ba8 16. Re1 Nc5 17. Bg5 Re8 18. Bxf6 exf6 19. Qd2 Qd7 20. c4 f5 21. exf5
Bxd5 22. Bxd5 Bxd4 23. Qxd4 Qxf5 24. Bg2 Nd3 25. Rxe8+ Rxe8 26. Rd1 Ne1 27. Qxd6
Nxg2 28. Kxg2 Qe4+ 29. Kg1 Qc2 30. Qd2 Re2 31. Qxc2 Rxc2 32. Ra1 Rb2 33. Kg2 Kg7
34. Kf3 Kf6 35. Ke3 Ke6 36. h4 Kd6 37. Rd1+ Kc6 38. Rd2 Rb1 39. Kd4 Kd6 40. Kc3+
Kc6 41. Re2 Rf1 42. Re7 Rxf2 43. Rxa7 Rf3+ 44. Kb4 h5 45. Re7 Kd6 46. Rb7 Kc6
47. Ra7 g5 48. hxg5 Rxg3 49. Rxf7 Rxg5 50. Rh7 Ra5 51. a4 Rg5 52. Ka3 Rf5 53.
Rg7 Kc5 54. Rg6 Re5 55. Rh6 Rg5 56. Re6 Rf5 57. Rg6 Re5 58. b4+ Kxc4 59. Rc6+
Kd4 60. b5 h4 61. Rh6 Kc5 62. Rc6+ Kd4 63. Rxb6 Rh5 64. Rd6+ Kc5 65. Rc6+ Kd4
66. b6 Rh8 67. a5 h3 68. b7 h2 69. Rc1 Rh3+ 70. Ka2 Rh8 71. a6 Kd5 72. a7 1-0

[Event "68th ch-RUS HL w 2018"]
[Site "Yaroslavl RUS"]
[Date "2018.06.26"]
[Round "1.15"]
[White "Legenko, Ksenia"]
[Black "Potapova, Margarita"]
[Result "0-1"]
[WhiteTitle "WFM"]
[BlackTitle "WFM"]
[WhiteElo "2079"]
[BlackElo "2302"]
[WhiteFideId "4192265"]
[BlackFideId "14126869"]
[EventDate "2018.06.26"]

1. d4 Nf6 2. c4 e6 3. g3 b6 4. Bg2 c6 5. Nf3 Ba6 6. Nbd2 d5 7. Qc2 Be7 8. O-O
O-O 9. b3 Nbd7 10. Bb2 Rc8 11. e4 c5 12. exd5 exd5 13. Rfe1 Re8 14. Rad1 cxd4
15. Nxd4 Bb4 16. a3 Bf8 17. Qf5 g6 18. Qg5 h6 19. Qf4 Nh5 20. Qf3 dxc4 21. Nc6
Qc7 22. Nxc4 Bb5 23. N6e5 Nc5 24. Rd7 Qxd7 25. Nxd7 Rxe1+ 26. Bf1 Nxd7 27. Qc3
Rxf1+ 28. Kxf1 Bg7 29. Qd2 Bxb2 30. Qxb2 Bxc4+ 31. bxc4 Rxc4 32. Qe2 Rc1+ 33.
Kg2 Nhf6 34. Qd2 Ra1 35. Qb2 Rd1 36. Qc2 Rd5 37. Qc7 a5 38. Qc3 Rc5 39. Qd2 Kg7
40. h3 Rd5 41. Qc3 Nc5 42. Qb2 Rd6 43. Kg1 Ne4 44. Kg2 a4 45. Qb4 Rd2 46. Qxa4
Rxf2+ 47. Kg1 Rf3 48. Qb4 Rxg3+ 49. Kh2 b5 50. Qxb5 Rxa3 51. Qb4 Ra2+ 52. Kg1 h5
53. Qd4 Rd2 54. Qb4 Rd3 55. Kg2 h4 56. Qc4 Rg3+ 57. Kh2 Ng5 58. Qf4 Nf3+ 0-1

[Event "68th ch-RUS HL w 2018"]
[Site "Yaroslavl RUS"]
[Date "2018.06.26"]
[Round "1.16"]
[White "Maltsevskaya, Aleksandra"]
[Black "Yakimenko, Viktoria"]
[Result "1-0"]
[BlackTitle "WFM"]
[WhiteElo "2279"]
[BlackElo "2078"]
[WhiteFideId "24174041"]
[BlackFideId "24174998"]
[EventDate "2018.06.26"]

1. d4 f5 2. c4 e6 3. Nc3 Nf6 4. Nf3 b6 5. g3 Bb7 6. Bg2 d5 7. Bg5 Be7 8. Bxf6
Bxf6 9. O-O O-O 10. cxd5 exd5 11. b4 c6 12. Qb3 a6 13. a4 Kh8 14. e3 Qd6 15. b5
axb5 16. axb5 c5 17. Rxa8 Bxa8 18. Ra1 Nd7 19. Ra7 Rd8 20. Qa2 Qb8 21. Ra4 Nf8
22. Nd2 cxd4 23. exd4 Ne6 24. Nb3 Nc7 25. Nc1 Bb7 26. N1e2 g6 27. Nf4 Bg7 28.
Nfxd5 Ne6 29. Ne2 Qd6 30. Ndf4 Nxf4 31. Nxf4 Bxg2 32. Kxg2 Bf6 33. Ra7 Qxd4 34.
Qf7 Bg7 35. Qxg7+ Qxg7 36. Rxg7 Rd4 1-0

[Event "68th ch-RUS HL w 2018"]
[Site "Yaroslavl RUS"]
[Date "2018.06.26"]
[Round "1.17"]
[White "Alekseeva, Irina"]
[Black "Dordzhieva, Dinara"]
[Result "0-1"]
[BlackTitle "WIM"]
[WhiteElo "2065"]
[BlackElo "2274"]
[WhiteFideId "24178683"]
[BlackFideId "24157570"]
[EventDate "2018.06.26"]

1. e4 c5 2. Nf3 d6 3. d4 cxd4 4. Nxd4 Nf6 5. Nc3 a6 6. Be2 e6 7. f4 Be7 8. O-O
Nc6 9. Be3 O-O 10. Qd2 Qc7 11. a4 Nxd4 12. Qxd4 Bd7 13. e5 Ne8 14. Bf3 Bc6 15.
Qb6 Bxf3 16. Rxf3 dxe5 17. fxe5 Rd8 18. Qxc7 Nxc7 19. Bb6 Rd7 20. Re1 h6 21. a5
Rc8 22. Re4 Nd5 23. Nxd5 exd5 24. Re2 Bc5+ 25. Bxc5 Rxc5 26. h4 Re7 27. b4 Rc4
28. c3 Rxh4 29. Rd3 Re4 30. Red2 R4xe5 31. Rxd5 Rxd5 32. Rxd5 Rc7 33. Rd8+ Kh7 0-1

[Event "68th ch-RUS HL w 2018"]
[Site "Yaroslavl RUS"]
[Date "2018.06.26"]
[Round "1.18"]
[White "Protopopova, Anastasiya"]
[Black "Bulatova, Kamaliya"]
[Result "0-1"]
[WhiteTitle "WFM"]
[BlackTitle "WFM"]
[WhiteElo "2262"]
[BlackElo "2051"]
[WhiteFideId "24172073"]
[BlackFideId "34111546"]
[EventDate "2018.06.26"]

1. d4 Nf6 2. c4 e6 3. g3 d5 4. Bg2 dxc4 5. Nf3 Bb4+ 6. Bd2 c5 7. Bxb4 cxb4 8.
Qa4+ Nc6 9. Ne5 O-O 10. Nxc6 bxc6 11. e3 Nd5 12. Qxc6 Bd7 13. Qxc4 Rc8 14. Qb3
Bb5 15. Nd2 a5 16. a4 Ba6 17. f4 Rc7 18. Kf2 Qc8 19. Qd1 Nb6 20. b3 Nd5 21. Bxd5
exd5 22. Rc1 Rxc1 23. Qxc1 Qf5 24. Qb1 Bd3 25. Qd1 Rc8 26. g4 Qd7 27. Qf3 Rc2
28. Rd1 Rb2 29. Kg3 g6 30. h3 Qc6 31. Nc4 Bxc4 32. bxc4 Qxc4 33. f5 g5 34. Qf1
Qc2 35. Rc1 Qh2+ 36. Kf3 Rb3 37. f6 Qf4+ 38. Ke2 Qxe3+ 39. Kd1 Qxd4+ 40. Ke1
Qe3+ 41. Kd1 Rd3+ 0-1

[Event "68th ch-RUS HL w 2018"]
[Site "Yaroslavl RUS"]
[Date "2018.06.26"]
[Round "1.19"]
[White "Faizutdinova, Diana"]
[Black "Goltseva, Ekaterina"]
[Result "0-1"]
[BlackTitle "WFM"]
[WhiteElo "2046"]
[BlackElo "2260"]
[WhiteFideId "24143731"]
[BlackFideId "24173770"]
[EventDate "2018.06.26"]

1. Nf3 d5 2. g3 Nf6 3. Bg2 b5 4. O-O Bb7 5. d3 e6 6. Nbd2 c5 7. e4 Be7 8. Re1
Nc6 9. c3 Qb6 10. a4 a6 11. Qe2 Rd8 12. h3 h6 13. Bf1 b4 14. exd5 Nxd5 15. c4
Nf6 16. b3 O-O 17. Bb2 Nd7 18. Rad1 e5 19. Nxe5 Ncxe5 20. Bxe5 Qc6 21. f3 Nxe5
22. Qxe5 Bd6 23. Qb2 Bxg3 24. Re2 f6 25. Rg2 Be5 26. Qc2 Bc8 27. Re2 Bf5 28. Ne4
Qd7 29. h4 Qf7 30. Bg2 Qh5 31. Kf1 Rc8 32. d4 Bxd4 33. Rxd4 cxd4 34. Qd2 Rcd8
35. Ng3 Qg6 36. Kf2 a5 37. f4 Bg4 38. Re7 Rfe8 39. Bd5+ Rxd5 40. Rxe8+ Qxe8 41.
cxd5 Qe3+ 42. Qxe3 dxe3+ 43. Kxe3 Bd1 44. d6 Kf7 45. Nf5 Ke8 46. Nxg7+ Kd7 47.
Nf5 Bxb3 48. Nxh6 Bxa4 49. Kd4 Kxd6 50. Nf5+ Ke6 51. Ne3 Bb3 52. Kc5 Ke7 53. Kb5
Bf7 54. Kxa5 b3 55. Nd1 Ke6 56. Kb4 Kf5 57. Kc3 Kxf4 58. Nf2 Kf3 59. Nd3 Kg4 60.
Nc1 0-1

[Event "68th ch-RUS HL w 2018"]
[Site "Yaroslavl RUS"]
[Date "2018.06.26"]
[Round "1.20"]
[White "Solozhenkina, Elizaveta"]
[Black "Mokshanova, Elizaveta"]
[Result "1-0"]
[WhiteTitle "WIM"]
[BlackTitle "WFM"]
[WhiteElo "2258"]
[BlackElo "2046"]
[WhiteFideId "34106615"]
[BlackFideId "24160679"]
[EventDate "2018.06.26"]

1. d4 Nf6 2. Nf3 g6 3. g3 Bg7 4. Bg2 O-O 5. O-O d6 6. Nc3 c6 7. a4 Bg4 8. h3
Bxf3 9. Bxf3 e5 10. dxe5 dxe5 11. e4 Na6 12. Be3 Qe7 13. Qe2 Nc5 14. Qc4 Ne6 15.
a5 Rfd8 16. Rfd1 Nd4 17. Bxd4 exd4 18. Rxd4 Nd7 19. Rdd1 Ne5 20. Qe2 Nxf3+ 21.
Qxf3 Qb4 22. e5 Bxe5 23. Ne4 Qxb2 24. Rab1 Rxd1+ 25. Rxd1 Qxc2 26. Rd7 Rf8 27.
h4 h6 28. Qe3 Qb1+ 29. Kh2 Bg7 30. Nd6 Qb4 31. Nxb7 Qc3 32. Qxa7 Qb2 33. Qe3 Rb8
34. Nd8 Qa2 35. Nxc6 Rb2 36. Kg2 Rc2 37. Nb4 Qc4 38. Qe8+ Kh7 39. Nxc2 Qc6+ 40.
Kh2 1-0

[Event "68th ch-RUS HL w 2018"]
[Site "Yaroslavl RUS"]
[Date "2018.06.26"]
[Round "1.21"]
[White "Ustich, Ekaterina"]
[Black "Paramzina, Anastasya"]
[Result "1/2-1/2"]
[BlackTitle "WGM"]
[WhiteElo "2028"]
[BlackElo "2255"]
[WhiteFideId "24179221"]
[BlackFideId "4165012"]
[EventDate "2018.06.26"]

1. e4 c5 2. Nf3 d6 3. d4 Nf6 4. Nc3 cxd4 5. Nxd4 a6 6. a4 Nc6 7. Be2 e5 8. Nf3
h6 9. h3 Be6 10. O-O d5 11. exd5 Nxd5 12. Nxd5 Qxd5 13. Qxd5 Bxd5 14. Be3 g5 15.
Rfd1 Be6 16. Nd2 Nb4 17. Rac1 Nd5 18. Nc4 Nxe3 19. Nxe3 Bc5 20. Nd5 O-O-O 21.
Nf6 Be7 22. Ng4 e4 23. Rxd8+ Rxd8 24. Rd1 Rxd1+ 25. Bxd1 f5 26. Ne3 f4 27. Bg4
Bxg4 28. Nxg4 h5 29. Ne5 Kc7 30. Nc4 Kc6 31. Kf1 Kd5 32. Nd2 Bf6 33. b3 Kd4 34.
Ke2 g4 35. hxg4 hxg4 36. f3 exf3+ 37. gxf3 g3 38. Ne4 Be7 39. c3+ Ke5 40. Kf1
Ba3 41. Kg2 Bb2 42. Kf1 b6 1/2-1/2